000 00711nam a22002057a 4500
999 _c15495
_d15495
003 AR-CdUCM
008 190427b ||||| |||| 00| 0 spa d
040 _aMUNICIPALIDAD PROVINCIAL DEL CUSCO
_cBIBLIOTECA MUNICIPAL DEL CUSCO
082 _a465 /
_bM28 / 1896
100 _aMata, Luis de
_934589
245 _aNovísima gramática latina :
_bEscrita con sencillez filosófica /
260 _aMéxico :
_bBouret,
_c1896.
300 _a254 páginas ;
_c18 cm.
505 _aContenido : Elementos de la gramática -- De la sintaxis latina -- De la ortografía ...
650 _aGramática
_99175
650 _aLatina
_934590
650 _aOrtografía
_92067
942 _2ddc
_cLIBROS
945 _arah
_d27/04/2019